[Event "HB Global CC"]
[Site "Minneapolis USA"]
[Date "2005.05.18"]
[Round "1"]
[White "Atoofi,P"]
[Black "Moiseenko,A"]
[Result "1/2-1/2"]
[WhiteElo "2284"]
[BlackElo "2665"]
[EventDate "2005.05.18"]

1. e4 c5 2. Nf3 Nc6 3. d4 cxd4 4. Nxd4 e5 5. Nb5 d6 6. N1c3 a6 7. Na3 Be7
8. Nc4 b5 9. Ne3 Nf6 10. Ned5 O-O 11. Nxe7+ Nxe7 12. Bg5 Bb7 13. Bxf6 gxf6
14. Bd3 Kh8 15. Qh5 f5 16. exf5 d5 17. O-O-O f6 18. g4 Qc7 19. g5 fxg5 20.
Qxg5 e4 21. Rhg1 Nxf5 22. Be2 Rac8 23. Bg4 Qe5 24. f4 exf3 25. Rge1 Qf6 26.
Qxf6+ Rxf6 27. Bxf3 Nh4 28. Bxd5 Bxd5 29. Rxd5 Rf2 30. Re2 Rcf8 1/2-1/2

[Event "HB Global CC"]
[Site "Minneapolis USA"]
[Date "2005.05.18"]
[Round "1"]
[White "Glek,I"]
[Black "Ginat,M"]
[Result "1-0"]
[WhiteElo "2597"]
[BlackElo "2195"]
[EventDate "2005.05.18"]

1. e4 c5 2. Nf3 e6 3. Nc3 Nc6 4. Bb5 Nd4 5. O-O Nf6 6. e5 Nxb5 7. Nxb5 Nd5
8. c4 Nb4 9. d4 cxd4 10. Ng5 Nc6 11. Re1 Be7 12. Qh5 1-0

[Event "HB Global CC"]
[Site "Minneapolis USA"]
[Date "2005.05.18"]
[Round "1"]
[White "Hermansen,R"]
[Black "Epishin,V"]
[Result "0-1"]
[WhiteElo "2233"]
[BlackElo "2605"]
[EventDate "2005.05.18"]

1. e4 c5 2. Nf3 e6 3. d3 d6 4. g3 Nd7 5. Bg2 b6 6. O-O Bb7 7. Re1 Ngf6 8.
h3 Be7 9. Bg5 O-O 10. Nbd2 h6 11. Be3 Qc7 12. Nh2 d5 13. f4 dxe4 14. Nxe4
Rad8 15. Nd2 Bxg2 16. Kxg2 Rfe8 17. Ng4 Nd5 18. Bf2 Bf8 19. Ne5 g6 20. Qe2
Bg7 21. a3 Ne7 22. Ndf3 Nc6 23. c3 Ndxe5 24. fxe5 Rd7 25. b4 Rc8 26. Kh2
Qd8 27. Rad1 Ne7 28. bxc5 bxc5 29. Qc2 Rd5 30. d4 cxd4 31. Bxd4 Qa5 32. Ra1
Rd7 33. Qb3 Qd5 34. Qd1 Nc6 35. Qe2 Nxd4 36. cxd4 Rc3 37. Rf1 Rdc7 38. Ra2
a5 39. a4 Rb3 40. Rb2 Rcc3 41. Rxb3 Qxb3 42. Nd2 Qxa4 43. Qf2 Rc7 44. Qf4
Rd7 45. Nf3 Qc2+ 46. Kg1 Rb7 47. Nd2 a4 48. Ne4 a3 49. Rf2 Qb1+ 50. Kg2 a2
51. Nc3 a1=Q 0-1

[Event "HB Global CC"]
[Site "Minneapolis USA"]
[Date "2005.05.18"]
[Round "1"]
[White "Plotkin,V"]
[Black "Fridman,D2"]
[Result "1-0"]
[WhiteElo "2192"]
[BlackElo "2562"]
[EventDate "2005.05.18"]

1. e4 d6 2. d4 Nf6 3. Nc3 g6 4. f4 Bg7 5. Nf3 O-O 6. e5 Nh5 7. Bc4 c6 8.
O-O d5 9. Bd3 f6 10. Nh4 f5 11. Nxf5 Nxf4 12. Nxe7+ Qxe7 13. Bxf4 Qb4 14.
Ne2 Qxb2 15. Qd2 Qa3 16. Bh6 Nd7 17. Qg5 Bxh6 18. Qxh6 Qe7 19. Nf4 Rb8 20.
c3 b5 21. Rf3 Qg7 22. Qxg7+ Kxg7 23. Ne6+ Kg8 24. Nxf8 Nxf8 25. Rf6 Be6 26.
Raf1 Re8 27. h4 Nd7 28. R6f4 Kg7 29. g4 Rb8 30. g5 Rb6 31. Be2 Rb7 32. Bg4
Bxg4 33. Rxg4 Nf8 34. Rf6 Rc7 35. Rgf4 Rc8 36. Rf7+ Kg8 37. Rxa7 c5 38. Rf6
b4 39. cxb4 cxd4 40. Kf2 Re8 41. b5 Ne6 42. b6 Nc5 43. b7 1-0

[Event "HB Global CC"]
[Site "Minneapolis USA"]
[Date "2005.05.18"]
[Round "1"]
[White "Sadvakasov,D"]
[Black "Betaneli,A"]
[Result "1-0"]
[WhiteElo "2605"]
[BlackElo "2222"]
[EventDate "2005.05.18"]

1. e4 e5 2. Nf3 Nc6 3. Bb5 a6 4. Ba4 Nf6 5. O-O Nxe4 6. d4 b5 7. Bb3 d5 8.
dxe5 Be6 9. Be3 Bc5 10. Qd3 Bxe3 11. Qxe3 f5 12. Rd1 O-O 13. Nc3 Nxc3 14.
Qxc3 Qd7 15. a4 Ne7 16. Nd4 c6 17. Qc5 f4 18. f3 g5 19. Ra3 b4 20. Qxb4 Ng6
21. Qc5 Rac8 22. c4 Rfd8 23. Nxe6 Qxe6 24. cxd5 Qxe5 25. dxc6+ Kg7 26.
Qxe5+ Nxe5 27. Rxd8 Rxd8 28. Bd5 Rxd5 29. c7 Rc5 30. Rc3 Nc4 31. b3 Rxc7
32. Rxc4 Rd7 33. h4 Kg6 34. Rc6+ Kh5 35. hxg5 Rb7 36. Rxa6 Rxb3 37. Rh6+
Kxg5 38. Rxh7 Ra3 39. Ra7 Ra1+ 40. Kh2 1-0

[Event "HB Global CC"]
[Site "Minneapolis USA"]
[Date "2005.05.18"]
[Round "1"]
[White "Bournival,B"]
[Black "Goldin,A"]
[Result "0-1"]
[WhiteElo "2239"]
[BlackElo "2615"]
[EventDate "2005.05.18"]

1. e4 c5 2. Nc3 Nc6 3. f4 e6 4. Nf3 d5 5. Bb5 Nge7 6. exd5 exd5 7. Qe2 Qd6
8. d4 cxd4 9. Nxd4 a6 10. Nxc6 bxc6 11. Bd3 g6 12. O-O Bg7 13. f5 O-O 14.
fxg6 Nxg6 15. Bg5 Bd7 16. Rae1 Rae8 17. Qh5 Re5 18. Rxe5 Qxe5 19. Bxg6 fxg6
20. Rxf8+ Bxf8 21. Qh4 Bf5 0-1

[Event "HB Global CC"]
[Site "Minneapolis USA"]
[Date "2005.05.18"]
[Round "1"]
[White "Movsisyan,M"]
[Black "Ibragimov,I"]
[Result "0-1"]
[WhiteElo "2300"]
[BlackElo "2611"]
[EventDate "2005.05.18"]

1. e4 e6 2. d4 d5 3. Nc3 Bb4 4. e5 c5 5. Bd2 Ne7 6. Nb5 Bxd2+ 7. Qxd2 O-O
8. c3 Qb6 9. dxc5 Qxc5 10. Qd4 Qxd4 11. cxd4 Nbc6 12. Nf3 Bd7 13. O-O-O f6
14. exf6 gxf6 15. Nc3 Rac8 16. Kb1 a6 17. a3 b5 18. Be2 Nf5 19. Rhe1 Nd6
20. Bf1 Rb8 21. g3 a5 22. Bh3 f5 23. Ng5 Rf6 24. Bg2 b4 25. axb4 axb4 26.
Na4 Ne4 27. Bxe4 fxe4 28. Nc5 Be8 29. Rd2 Bg6 30. Re3 Re8 31. Nh3 Rf7 32.
Nb3 Ne7 33. g4 Nc8 34. Nc5 Nd6 35. b3 Nb5 36. Kb2 h6 37. f4 exf3 38. Rxe6
Rxe6 39. Nxe6 Nc3 40. Nef4 Be4 41. Nh5 Ra7 42. Rf2 Nd1+ 43. Kc1 Nxf2 44.
Nxf2 Ra2 0-1

[Event "HB Global CC"]
[Site "Minneapolis USA"]
[Date "2005.05.18"]
[Round "1"]
[White "Times,J"]
[Black "Georgiev,Vl"]
[Result "0-1"]
[WhiteElo "2209"]
[BlackElo "2535"]
[EventDate "2005.05.18"]

1. c4 Nf6 2. g3 c6 3. Nf3 d5 4. Bg2 Bg4 5. cxd5 cxd5 6. d4 e6 7. Nc3 Nc6 8.
O-O Bd6 9. Be3 O-O 10. Rc1 Rc8 11. Nd2 Na5 12. f3 Bh5 13. Nb5 Rxc1 14. Qxc1
Bb8 15. Bf2 Qd7 16. Nc3 Rc8 17. Qd1 b5 18. Nb3 b4 19. Nxa5 bxc3 20. bxc3
Qb5 21. Nb3 Rxc3 22. Qd2 Rc4 23. Rc1 Bd6 24. Bf1 Bb4 25. Qf4 Nd7 26. Qh4
Bg6 27. Qd8+ Nf8 28. Kg2 Ba3 29. Ra1 Rc2 30. Qa5 Qxa5 31. Nxa5 Rb2 32. Kg1
Nd7 33. Nc6 a6 34. Ne7+ Kf8 35. Nxg6+ hxg6 36. e3 Nb6 0-1

[Event "HB Global CC"]
[Site "Minneapolis USA"]
[Date "2005.05.18"]
[Round "1"]
[White "Novikov,I"]
[Black "Harper,R"]
[Result "1-0"]
[WhiteElo "2589"]
[BlackElo "2230"]
[EventDate "2005.05.18"]

1. d4 d5 2. c4 c6 3. Nf3 Nf6 4. Nc3 a6 5. e3 Nbd7 6. cxd5 cxd5 7. Bd3 e6 8.
Ne5 Nxe5 9. dxe5 Nd7 10. f4 b5 11. O-O Bc5 12. Ne2 Qb6 13. Rf3 Bb7 14. Rg3
g6 15. Bd2 a5 16. Rc1 b4 17. h4 Rc8 18. h5 g5 19. Kh1 h6 20. Qf1 Ke7 21.
Qf3 Rcg8 22. Rf1 Ke8 23. Nd4 g4 24. Qe2 Kd8 25. Rc1 Rg7 26. Rxg4 Rxg4 27.
Qxg4 Bxd4 28. exd4 Qxd4 29. Qg3 Qxb2 30. Rc2 Qd4 31. Be3 Qa1+ 32. Kh2 Qd1
33. Qh4+ Ke8 34. Rd2 Qa4 35. f5 Nxe5 36. fxe6 fxe6 37. Qd4 Nf7 38. Bg6 Rg8
39. Rf2 1-0

[Event "HB Global CC"]
[Site "Minneapolis USA"]
[Date "2005.05.18"]
[Round "1"]
[White "Adianto,U"]
[Black "Van Hoolandt,P"]
[Result "1-0"]
[WhiteElo "2588"]
[BlackElo "2181"]
[EventDate "2005.05.18"]

1. e4 e5 2. Nf3 Nc6 3. Bb5 Nf6 4. d3 d6 5. c3 g6 6. d4 Bd7 7. Nbd2 Bg7 8.
O-O O-O 9. d5 Ne7 10. Bxd7 Nxd7 11. c4 a5 12. b3 h6 13. a3 f5 14. Bb2 Nf6
15. Re1 b6 16. b4 axb4 17. axb4 Rxa1 18. Qxa1 fxe4 19. Nxe4 Nxe4 20. Rxe4
Qa8 21. Qc1 Qa4 22. Bc3 b5 23. Bd2 Kh7 24. h3 bxc4 25. Rxc4 Nxd5 26. Rh4
Nf4 27. Qxc7 Qd1+ 28. Kh2 Nxg2 29. Bxh6 1-0

[Event "HB Global CC"]
[Site "Minneapolis USA"]
[Date "2005.05.18"]
[Round "1"]
[White "Kiewra,K"]
[Black "Najer,E"]
[Result "0-1"]
[WhiteElo "2265"]
[BlackElo "2615"]
[EventDate "2005.05.18"]

1. e4 c5 2. Nf3 d6 3. d4 cxd4 4. Nxd4 Nf6 5. Nc3 a6 6. Bg5 e6 7. f4 Qc7 8.
Qf3 b5 9. O-O-O Bb7 10. Bxf6 gxf6 11. Qh5 Ke7 12. Ndxb5 axb5 13. e5 dxe5
14. Nxb5 Qc5 15. Nd6 Bd5 16. c4 Kxd6 17. Kb1 Nc6 18. cxd5 Nd4 19. Rc1 Qxd5
20. fxe5+ Qxe5 21. Qd1 Bg7 22. Bc4 Rhd8 23. Re1 Qf5+ 24. Bd3 Qa5 25. a3 Ke7
26. Qg4 Kf8 27. Re3 f5 28. Qg5 h6 29. Qf4 Rdb8 0-1

[Event "HB Global CC"]
[Site "Minneapolis USA"]
[Date "2005.05.18"]
[Round "1"]
[White "Van Wely,L"]
[Black "Miller,T"]
[Result "1-0"]
[WhiteElo "2687"]
[BlackElo "2255"]
[EventDate "2005.05.18"]

1. d4 g6 2. c4 Bg7 3. Nf3 d6 4. Nc3 Nd7 5. e4 e5 6. Be2 Nh6 7. h4 c6 8. h5
Ng4 9. Bg5 Qb6 10. Na4 Qc7 11. d5 Nc5 12. Nxc5 Qa5+ 13. Nd2 1-0

[Event "HB Global CC"]
[Site "Minneapolis USA"]
[Date "2005.05.18"]
[Round "1"]
[White "Friedman,J"]
[Black "Kiriakov,P"]
[Result "0-1"]
[WhiteElo "2194"]
[BlackElo "2565"]
[EventDate "2005.05.18"]

1. Nf3 Nf6 2. d4 e6 3. Bg5 c5 4. e3 Qb6 5. Bxf6 gxf6 6. Nc3 cxd4 7. Qxd4
Qxd4 8. Nxd4 a6 9. O-O-O b5 10. Nb3 f5 11. f3 Nc6 12. a4 b4 13. Nb1 Ne5 14.
N1d2 Rg8 15. h3 Rg3 16. e4 f4 17. Rh2 Ra7 18. Nc4 Nxc4 19. Bxc4 Rc7 20. Bd3
Bg7 21. Rd2 Ke7 22. Rh1 d6 23. Kb1 Bd7 24. a5 Ba4 25. Bxa6 Bxb3 26. cxb3
Ra7 27. Bc4 Rxa5 28. Rc1 Be5 29. Bd3 Rg8 30. Rc7+ Kf6 31. Rb7 Rga8 32. Kc1
Bd4 33. Kc2 Ra2 34. Rxb4 Rxb2+ 35. Kd1 Ra1+ 36. Ke2 Rg1 37. Rxb2 Rxg2+ 38.
Kf1 Rg1+ 39. Ke2 Bxb2 40. Kf2 Rd1 41. Be2 Bd4+ 42. Kg2 Rg1+ 43. Kh2 Re1 44.
Rxd4 Rxe2+ 45. Kg1 Re3 46. Kf2 Rxb3 47. Rxd6 Rb2+ 48. Kg1 Kg5 49. Rd8 Kh4
50. Rg8 Kxh3 51. Kf1 h5 52. Rg7 Kh2 53. Rg5 h4 54. e5 h3 55. Rg4 Ra2 56.
Rg7 Rg2 57. Rxf7 Kg3 58. Rg7+ Kxf3 59. Rh7 Kg4 60. Rh6 f3 61. Rxe6 h2 0-1

[Event "HB Global CC"]
[Site "Minneapolis USA"]
[Date "2005.05.18"]
[Round "1"]
[White "Chow,A"]
[Black "Stripunsky,A"]
[Result "0-1"]
[WhiteElo "2239"]
[BlackElo "2565"]
[EventDate "2005.05.18"]

1. d4 d5 2. c4 c6 3. Nf3 Nf6 4. Nc3 e6 5. Bg5 h6 6. Bh4 dxc4 7. e4 g5 8.
Bg3 b5 9. Be2 Bb7 10. h4 g4 11. Ne5 Nbd7 12. Nxg4 Rg8 13. Nxf6+ Qxf6 14.
O-O O-O-O 15. e5 Qf5 16. Qb1 Nb6 17. Rd1 Qxb1 18. Raxb1 c5 19. Nxb5 cxd4
20. Rbc1 a6 21. Nd6+ Bxd6 22. exd6 Rxg3 23. fxg3 Rxd6 24. Bxc4 Kd7 25. Bb3
f6 26. Rc5 e5 27. a4 Nd5 28. Bxd5 Bxd5 29. Rd2 Bb3 30. Rc1 e4 31. a5 e3 32.
Rd3 Ba4 33. Rc5 Bb5 34. Rxb5 axb5 35. Kf1 Kc6 36. Ke2 Kd5 37. Ra3 Ke4 38.
a6 d3+ 39. Kd1 Rc6 40. Ra1 e2+ 41. Kd2 Rc2+ 42. Ke1 Ke3 43. a7 d2+ 0-1

[Event "HB Global CC"]
[Site "Minneapolis USA"]
[Date "2005.05.18"]
[Round "1"]
[White "Kudrin,S"]
[Black "Lunna,T"]
[Result "1-0"]
[WhiteElo "2554"]
[BlackElo "2270"]
[EventDate "2005.05.18"]

1. e4 e6 2. d4 d5 3. Nd2 dxe4 4. Nxe4 Nd7 5. g3 Be7 6. Bg2 Ngf6 7. Nxf6+
Bxf6 8. Nf3 O-O 9. O-O Rb8 10. c3 b6 11. Qa4 a5 12. Bf4 Bb7 13. Rad1 Qc8
14. Rfe1 Rd8 15. h4 Ra8 16. c4 Nf8 17. Be5 Bxe5 18. Nxe5 Bxg2 19. Kxg2 Qb7+
20. Kg1 Ng6 21. Nc6 Re8 22. d5 Nf8 23. Qb5 exd5 24. cxd5 Kh8 25. Rxe8 Rxe8
26. Nxa5 Qc8 27. Nc4 Qg4 28. Qxe8 Qxd1+ 29. Kh2 Kg8 30. Ne5 Qxd5 31. Nc6
1-0

[Event "HB Global CC"]
[Site "Minneapolis USA"]
[Date "2005.05.18"]
[Round "1"]
[White "Antonio,R"]
[Black "Maltese,A"]
[Result "1-0"]
[WhiteElo "2513"]
[BlackElo "2174"]
[EventDate "2005.05.18"]

1. e4 d6 2. d4 Nf6 3. Nc3 g6 4. Bg5 Bg7 5. f4 h6 6. Bxf6 Bxf6 7. e5 Bg7 8.
Qf3 O-O 9. O-O-O c6 10. g4 Qa5 11. Bc4 c5 12. exd6 exd6 13. dxc5 dxc5 14.
Rd6 Nc6 15. Rxg6 Nd4 16. Qe4 Be6 17. Bxe6 Nxe6 18. Rxg7+ Nxg7 19. Nf3 Qb4
20. Qxb4 cxb4 21. Nd5 a5 22. g5 h5 23. Nf6+ Kh8 24. Ne5 Rac8 25. Nfd7 Rfe8
26. Nxf7+ Kh7 27. Nd6 Kg6 28. Nxc8 Rxc8 29. Re1 Rc7 30. Re7 1-0

[Event "HB Global CC"]
[Site "Minneapolis USA"]
[Date "2005.05.18"]
[Round "1"]
[White "Milla de Marco,C"]
[Black "Kacheishvili,G"]
[Result "0-1"]
[WhiteElo "2141"]
[BlackElo "2597"]
[EventDate "2005.05.18"]

1. e4 c5 2. Nc3 Nc6 3. g3 g6 4. Bg2 Bg7 5. d3 d6 6. Be3 e6 7. Qd2 Rb8 8.
Nf3 Nd4 9. Bxd4 cxd4 10. Nb5 Qb6 11. Qb4 Kd7 12. Nd2 a6 13. Nc4 Qc5 14.
Qxc5 dxc5 15. Nbd6 Ke7 16. Nb6 Be5 17. Ndc4 Bc7 18. O-O Nf6 19. a4 Nd7 20.
a5 g5 21. Rae1 g4 22. f4 gxf3 23. Rxf3 Rg8 24. Ref1 Rg7 25. Kh1 Ne5 26.
Nxe5 Bxe5 27. R3f2 Bc7 28. Bf3 Bxb6 29. axb6 e5 30. Bh5 Be6 31. c4 dxc3 32.
bxc3 Rd8 33. Rd2 Rd6 34. Rb1 Bg4 35. Bxg4 Rxg4 36. Ra2 Rg8 37. Ra5 Rc8 38.
d4 exd4 39. cxd4 cxd4 40. Re5+ Re6 41. Rf5 d3 42. Rd5 Rd6 43. Rd1 Rxd5 44.
exd5 Rc3 45. Kg2 Kd6 46. Kf3 d2+ 47. Ke4 Rc2 48. g4 h6 49. h4 a5 50. g5 h5
51. Kd3 Rc5 0-1

[Event "HB Global CC"]
[Site "Minneapolis USA"]
[Date "2005.05.18"]
[Round "1"]
[White "Ellrich,J"]
[Black "Sevillano,E"]
[Result "0-1"]
[WhiteElo "2136"]
[BlackElo "2450"]
[EventDate "2005.05.18"]

1. d4 Nf6 2. Nc3 d5 3. e4 dxe4 4. f3 exf3 5. Nxf3 Bg4 6. h3 Bh5 7. g4 Bg6
8. Ne5 Nbd7 9. Qe2 e6 10. Bg2 c6 11. h4 Bd6 12. h5 Bxc2 13. Bg5 Qa5 14.
Bxf6 Nxf6 15. Nc4 Qb4 16. a3 Bg3+ 17. Kd2 Qb3 18. Rh3 Bf4+ 19. Ke1 O-O-O
20. Ne4 Qb5 21. Qxc2 Rxd4 22. Rc3 Nxg4 23. Bf3 Qxh5 24. Qg2 Qh4+ 25. Ke2 f5
26. Rh1 Qe7 27. Nf2 Nxf2 28. Kxf2 Rhd8 0-1

[Event "HB Global CC"]
[Site "Minneapolis USA"]
[Date "2005.05.18"]
[Round "1"]
[White "Perelshteyn,E"]
[Black "Feldberg,V"]
[Result "1-0"]
[WhiteElo "2507"]
[BlackElo "2231"]
[EventDate "2005.05.18"]

1. e4 c5 2. Nf3 d6 3. d4 Nf6 4. Nc3 cxd4 5. Nxd4 g6 6. Be3 Bg7 7. f3 Nc6 8.
Bc4 O-O 9. Qd2 Bd7 10. O-O-O Qa5 11. Bb3 Rfc8 12. Kb1 Ne5 13. g4 b5 14. h4
Nc4 15. Bxc4 bxc4 16. Ka1 Rab8 17. h5 Rb6 18. hxg6 fxg6 19. Nde2 Ra6 20. g5
Nh5 21. Qd5+ Kf8 22. Bd4 Qb4 23. Bxg7+ Kxg7 24. Qd4+ e5 25. Qe3 Rb8 26. Rb1
Be6 27. Rh4 Qb6 28. Qxb6 axb6 29. Nb5 Ra5 30. Nec3 Bd7 31. Nxd6 b5 32. b4
Ra7 33. Nf5+ gxf5 34. Rxh5 Be8 35. Rh6 fxe4 36. fxe4 Bf7 37. Rd1 Rab7 38.
Kb2 Rb6 39. Rdd6 Bg6 40. Rd7+ Kf8 41. Rd5 Re8 42. Rxb5 Rxb5 43. Nxb5 Ra8
1-0

[Event "HB Global CC"]
[Site "Minneapolis USA"]
[Date "2005.05.18"]
[Round "1"]
[White "Markzon,G"]
[Black "Gonzales,Jay"]
[Result "0-1"]
[WhiteElo "2204"]
[BlackElo "2474"]
[EventDate "2005.05.18"]

1. e4 Nc6 2. Nf3 d6 3. d4 Nf6 4. Nc3 Bg4 5. Be3 e6 6. Be2 Be7 7. d5 exd5 8.
exd5 Bxf3 9. Bxf3 Ne5 10. Be2 O-O 11. O-O Re8 12. f4 Ng6 13. Bd3 c6 14. Qf3
Qd7 15. Bxg6 hxg6 16. Rad1 Bd8 17. dxc6 bxc6 18. Bd4 Bb6 19. Bxb6 axb6 20.
Qd3 d5 21. f5 g5 22. Rf3 Re5 23. Rdf1 Rae8 24. Rg3 b5 25. Rxg5 Qa7+ 26. Kh1
Re1 27. Rxg7+ Kf8 28. Rg3 Ng4 29. Nd1 Rxd1 30. Qxd1 Nf2+ 31. Rxf2 Qxf2 0-1

[Event "HB Global CC"]
[Site "Minneapolis USA"]
[Date "2005.05.18"]
[Round "1"]
[White "Khachiyan,M"]
[Black "Schiller,E"]
[Result "1-0"]
[WhiteElo "2473"]
[BlackElo "2210"]
[EventDate "2005.05.18"]

1. e4 g6 2. d4 Bg7 3. Nc3 c5 4. Be3 Qa5 5. Nge2 Nf6 6. f3 d6 7. Qd2 O-O 8.
d5 b5 9. Bh6 b4 10. Nd1 Nbd7 11. Bxg7 Kxg7 12. Ne3 Ne5 13. Nf4 Bd7 14. Nd3
Nxd3+ 15. Bxd3 Bb5 16. b3 Qb6 17. Bxb5 Qxb5 18. a4 Qa6 19. h4 h5 20. O-O-O
Rh8 21. Kb2 Rac8 22. Nc4 Nd7 23. f4 Nb6 24. Nxb6 Qxb6 25. Qe3 Qa6 26. e5 c4
27. exd6 Qxd6 28. Rhe1 cxb3 29. cxb3 Rc7 30. Qe5+ Qxe5+ 31. fxe5 Rd8 32.
Re4 a5 33. Rc4 Ra7 34. Rc5 Kf8 35. Kc2 Rdd7 36. Rd4 f6 37. e6 Rdc7 38. Rdc4
Rxc5 39. Rxc5 g5 40. hxg5 fxg5 41. Kd3 Kg7 42. Ke4 Kf6 43. Rc8 h4 44. Rf8+
Kg6 45. Ke5 Rc7 46. d6 exd6+ 47. Kxd6 Kg7 48. Kxc7 Kxf8 49. Kd7 1-0

[Event "HB Global CC"]
[Site "Minneapolis USA"]
[Date "2005.05.18"]
[Round "1"]
[White "Rowley,R"]
[Black "Matikozian,A"]
[Result "1/2-1/2"]
[WhiteElo "2282"]
[BlackElo "2515"]
[EventDate "2005.05.18"]

1. e4 c5 2. Nf3 d6 3. Bb5+ Nd7 4. c3 Ngf6 5. Qe2 a6 6. Ba4 b5 7. Bc2 e5 8.
d4 Be7 9. O-O O-O 10. dxc5 dxc5 11. Rd1 Qc7 12. Nbd2 Re8 13. a4 Rb8 14.
axb5 axb5 15. Nf1 c4 16. Ne3 Nc5 17. Nd5 Nxd5 18. exd5 Bg4 19. h3 Bh5 20.
d6 Bxd6 21. Bxh7+ Kh8 22. g4 Bg6 23. Bxg6 fxg6 24. Ng5 Rf8 25. Be3 Be7 26.
Bxc5 Bxc5 27. Ne4 Rf4 28. Rd5 Bb6 29. Kg2 Qc6 30. Rad1 Bd4 31. R5xd4 exd4
32. Rxd4 Qc7 33. f3 Rd8 34. Ng5 Rfxd4 35. cxd4 Qd7 36. Qe1 Kg8 37. Qh4 Qd5
38. Qh7+ Kf8 39. Qh8+ Qg8 40. Qh4 Rxd4 41. Qf2 Rd5 42. Qe3 Rxg5 1/2-1/2

[Event "HB Global CC"]
[Site "Minneapolis USA"]
[Date "2005.05.18"]
[Round "1"]
[White "Saint Amand,P"]
[Black "Gonzalez,Ren"]
[Result "1/2-1/2"]
[WhiteElo "2133"]
[BlackElo "2483"]
[EventDate "2005.05.18"]

1. e4 d5 2. exd5 Qxd5 3. Nc3 Qa5 4. d4 Nf6 5. Nf3 c6 6. Bc4 Bf5 7. Bd2 e6
8. Qe2 Bb4 9. a3 Nbd7 10. O-O-O Bxc3 11. Bxc3 Qc7 12. Kb1 b5 13. Bd3 O-O
14. Bxf5 exf5 15. Ne5 Nd5 16. Qf3 f6 17. Nxd7 Qxd7 18. Rhe1 a5 19. Bd2 a4
20. Qe2 Rfe8 21. Qd3 g6 22. Rxe8+ Rxe8 23. Re1 Rxe1+ 24. Bxe1 Nf4 25. Qf3
Qxd4 26. Qxc6 Qd1+ 27. Ka2 Ne2 28. Qe8+ Kg7 29. Qe7+ Kh6 30. Qe3+ g5 31.
Qd2 Qxd2 32. Bxd2 Nd4 33. Bc3 Ne6 34. Bxf6 Kg6 35. Bc3 f4 36. b3 Kf5 37.
bxa4 bxa4 38. f3 h5 39. Kb2 g4 40. fxg4+ hxg4 41. Be1 Ke4 42. Bf2 Ng7 43.
Kc3 Nf5 44. Kd2 g3 45. hxg3 fxg3 46. Ba7 Nh4 47. Bb8 Nxg2 48. Bxg3 Ne3 49.
Kc3 Nxc2 1/2-1/2

[Event "HB Global CC"]
[Site "Minneapolis USA"]
[Date "2005.05.18"]
[Round "1"]
[White "Dableo,R"]
[Black "Milisits,R"]
[Result "1-0"]
[WhiteElo "2440"]
[BlackElo "2208"]
[EventDate "2005.05.18"]

1. c4 e5 2. Nc3 Nc6 3. g3 g6 4. Bg2 Bg7 5. e4 Nge7 6. Nge2 d6 7. O-O O-O 8.
d3 f5 9. Nd5 Be6 10. Be3 Qd7 11. Qd2 Rae8 12. Bg5 Bxd5 13. cxd5 Nd4 14.
Nxd4 exd4 15. Rfe1 c5 16. dxc6 bxc6 17. Bxe7 Rxe7 18. exf5 Rxe1+ 19. Rxe1
gxf5 20. Qg5 h6 21. Qg6 d5 22. Re6 f4 23. Bh3 fxg3 24. Bf5 gxf2+ 25. Kf1
Qc7 26. Qh7+ Kf7 27. Rxh6 Qe5 28. Re6 Qf4 29. Rf6+ Ke8 1-0

[Event "HB Global CC"]
[Site "Minneapolis USA"]
[Date "2005.05.18"]
[Round "1"]
[White "Bick,J"]
[Black "Sharavdorj,D"]
[Result "1/2-1/2"]
[WhiteElo "2214"]
[BlackElo "2453"]
[EventDate "2005.05.18"]

1. d4 Nf6 2. c4 g6 3. Nc3 Bg7 4. e4 d6 5. Be2 O-O 6. Bg5 Na6 7. Nf3 h6 8.
Be3 Ng4 9. Bc1 e5 10. h3 exd4 11. Nxd4 Nf6 12. O-O Nc5 13. Bf3 a5 14. Re1
Re8 15. Bf4 Nfd7 16. Qd2 Ne5 17. Be2 Kh7 18. Nb3 Be6 19. Nxc5 dxc5 20. Qxd8
Raxd8 21. Nd5 Rd7 22. Rad1 g5 23. Be3 b6 24. b3 Nc6 25. h4 gxh4 26. Bd3 Kh8
27. f4 Bg4 28. Rd2 Na7 29. Bf2 h3 30. Re3 hxg2 31. Kxg2 h5 32. Bh4 Rf8 33.
f5 Re8 34. Rg3 Nc6 35. Nf6 Bxf6 36. Bxf6+ 1/2-1/2

[Event "HB Global CC"]
[Site "Minneapolis USA"]
[Date "2005.05.18"]
[Round "1"]
[White "Wall,B"]
[Black "Schneider,Dm"]
[Result "1/2-1/2"]
[WhiteElo "2231"]
[BlackElo "2466"]
[EventDate "2005.05.18"]

1. d4 d5 2. c4 e6 3. Nc3 c6 4. Nf3 dxc4 5. g3 b5 6. Bg2 Bb7 7. O-O Nd7 8.
a4 a6 9. e4 Ngf6 10. Bg5 h6 11. Bxf6 Nxf6 12. Qe2 Be7 13. Rad1 O-O 14. Ne5
Qc7 15. f4 Rad8 16. h4 c5 17. d5 exd5 18. Nxd5 Nxd5 19. exd5 Rfe8 20. axb5
axb5 21. Qh5 Bd6 22. Nc6 Ra8 23. Rfe1 b4 24. Be4 Bxc6 25. dxc6 Rad8 26. Qf5
g6 27. Qg4 h5 28. Qf3 Kg7 29. Bd5 Rxe1+ 30. Rxe1 Be7 31. Bxc4 1/2-1/2

[Event "HB Global CC"]
[Site "Minneapolis USA"]
[Date "2005.05.18"]
[Round "1"]
[White "Laylo,D"]
[Black "Strenzwilk,D"]
[Result "1-0"]
[WhiteElo "2344"]
[BlackElo "2104"]
[EventDate "2005.05.18"]

1. c4 e6 2. Nc3 d5 3. d4 Be7 4. cxd5 exd5 5. Bf4 Nf6 6. e3 O-O 7. Bd3 c6 8.
Qc2 Bg4 9. Nge2 Bh5 10. f3 Nbd7 11. e4 dxe4 12. fxe4 Bg6 13. e5 Bxd3 14.
Qxd3 Nh5 15. O-O Nxf4 16. Nxf4 Bg5 17. Rad1 Bxf4 18. Rxf4 Qg5 19. Rdf1 Rad8
20. Qh3 f5 21. e6 Nb6 22. Rxf5 Rxf5 23. Rxf5 Qc1+ 24. Rf1 Qh6 25. Qf5 Qf6
26. Qxf6 gxf6 27. Rxf6 Re8 28. g4 Re7 29. b3 Kg7 30. g5 a5 31. Kf2 a4 32.
bxa4 Nc4 33. Ne4 b6 34. h4 Ra7 35. h5 Rxa4 36. Rf7+ Kh8 37. Nf6 Rxa2+ 38.
Kg3 Ra3+ 39. Kf4 1-0

[Event "HB Global CC"]
[Site "Minneapolis USA"]
[Date "2005.05.18"]
[Round "1"]
[White "Diaz,JL"]
[Black "Burnett,R"]
[Result "1-0"]
[WhiteElo "2127"]
[BlackElo "2433"]
[EventDate "2005.05.18"]

1. d4 e6 2. e4 b6 3. Bd3 Bb7 4. Nf3 c5 5. d5 exd5 6. exd5 Bxd5 7. Bxh7 Nf6
8. Nc3 Bxf3 9. Qxf3 Nc6 10. Bd3 Bd6 11. Bg5 Qe7+ 12. Kd2 Be5 13. Rae1 O-O-O
14. Ba6+ Kb8 15. Rxe5 Qxe5 16. Bf4 d6 17. Bxe5 dxe5+ 18. Kc1 Rd6 19. Rd1
Rxd1+ 20. Kxd1 Rd8+ 21. Kc1 Rd6 22. Nb5 Re6 23. c3 g6 24. g4 1-0

[Event "HB Global CC"]
[Site "Minneapolis USA"]
[Date "2005.05.18"]
[Round "1"]
[White "Pruess,D"]
[Black "Henry,R"]
[Result "1-0"]
[WhiteElo "2394"]
[BlackElo "2169"]
[EventDate "2005.05.18"]

1. d4 d5 2. Nc3 Nf6 3. Bg5 c5 4. Bxf6 gxf6 5. e4 e5 6. Nxd5 cxd4 7. Qf3 f5
8. exf5 Nc6 9. Bd3 Nb4 10. Bb5+ Nc6 11. Ne2 Bd7 12. O-O a6 13. Bd3 Rc8 14.
Rfe1 Qg5 15. Rad1 Rg8 16. Ng3 Kd8 17. c3 Qg4 18. Be4 Bc5 19. Nf6 Qxf3 20.
Bxf3 Rxg3 21. hxg3 Bxf5 22. Bg4 Bxg4 23. Nxg4 Bd6 24. cxd4 exd4 25. Nf6 Be5
26. Nxh7 f6 27. f4 1-0

[Event "HB Global CC"]
[Site "Minneapolis USA"]
[Date "2005.05.18"]
[Round "1"]
[White "Johnson,R"]
[Black "Bonin,J"]
[Result "0-1"]
[WhiteElo "2154"]
[BlackElo "2336"]
[EventDate "2005.05.18"]

1. d4 Nf6 2. Bf4 d6 3. e3 g6 4. Nd2 Bg7 5. c3 Nbd7 6. Ngf3 Nh5 7. Bg5 h6 8.
Bh4 g5 9. Bg3 Nxg3 10. hxg3 e6 11. Bd3 a6 12. Qe2 Qe7 13. Bc2 b6 14. Qc4 c5
15. Qd3 Bb7 16. O-O g4 17. Nh4 Bf6 18. Rfd1 O-O-O 19. Qe2 Bxh4 20. gxh4
Qxh4 21. Ne4 Nf6 22. dxc5 dxc5 23. Nd6+ Rxd6 24. Rxd6 g3 25. fxg3 Qxg3 26.
Qd2 Ng4 27. Re1 Bxg2 28. Qxg2 Qxe1+ 29. Qf1 Qg3+ 0-1

[Event "HB Global CC"]
[Site "Minneapolis USA"]
[Date "2005.05.18"]
[Round "1"]
[White "Fernandez,D USA"]
[Black "Stancil,K"]
[Result "1-0"]
[WhiteElo "2406"]
[BlackElo "2155"]
[EventDate "2005.05.18"]

1. e4 e6 2. d4 d5 3. e5 c5 4. c3 Nc6 5. Nf3 Qb6 6. a3 cxd4 7. cxd4 Nh6 8.
b4 Nf5 9. Bb2 h5 10. Bd3 g6 11. O-O Bd7 12. Bxf5 gxf5 13. Nc3 a6 14. Bc1
Be7 15. h4 O-O-O 16. Rb1 Rdg8 17. b5 Nb8 18. Bg5 Rxg5 19. Nxg5 axb5 20.
Nxb5 Bxb5 21. a4 Nc6 22. Rxb5 Qxd4 23. Qb3 Qxh4 24. Rxb7 Bb4 25. Rxf7 Qc4
26. Qxc4 dxc4 27. Nxe6 Nxe5 28. Rc7+ Kb8 29. Rb1 Nd3 30. Rxc4 Re8 31. Nf4
Re4 32. Rxe4 fxe4 33. Nxd3 1-0